[Event "FIN-chT2 Gp1 1516"]
[Site "Finland"]
[Date "2015.11.07"]
[Round "4.3"]
[White "Turtiainen, Janne"]
[Black "Heino, Juha"]
[Result "0-1"]
[WhiteElo "2010"]
[BlackElo "2080"]
[PlyCount "70"]
[EventDate "2015.09.12"]
[EventType "team-tourn"]
[EventRounds "6"]
[EventCountry "FIN"]
[SourceTitle "EXT 2017"]
[Source "ChessBase"]
[SourceDate "2016.10.25"]
[SourceVersion "1"]
[SourceVersionDate "2016.10.25"]
[SourceQuality "1"]
[WhiteTeam "Helsinki MeRa"]
[BlackTeam "Turku SY"]
[WhiteTeamCountry "FIN"]
[BlackTeamCountry "FIN"]

1. c4 c5 2. g3 g6 3. Bg2 Bg7 4. Nc3 Nf6 5. e4 d6 6. Nge2 Nc6 7. d3 0-0 8. 0-0 a6 9. Rb1 Rb8 10. f4 e6 11. h3 Bd7 12. Be3 b5 13. b3 b4 14. Na4 e5 15. Qd2 Nd4 16. fxe5 Nxe2+ 17. Qxe2 Nh5 18. Qf3 Bxe5 19. g4 Ng7 20. Nxc5 dxc5 21. Bxc5 Ne6 22. Bxf8 Qxf8 23. Kh1 Bc6 24. Rbd1 Rb7 25. Qe3 Nd4 26. Rf2 Qd6 27. Rdf1 a5 28. Rd2 Ne6 29. Rdd1 a4 30. Qd2 axb3 31. axb3 Nd4 32. Qa2 Qe7 33. Qa6 Qh4 34. Rf3 Nxf3 35. Qxc6 Qg3 0-1